000 00544nam a2200145 i 4500
001 171595
003 ES-MaACL
005 20230906214655.0
008 090521s1876 fr |||| | fre d
245 0 0 _aCatalogue des livres composant la bibliothèque du Chateau de Vaux-Praslin
_b: dont la vente aura lieu le jeudi, 27 avril 1876, et jours suivants a deux heures précises...
260 _aParis :
_bAdolphe Labitte,
_c1876.
300 _a106 p. ;
_c25 cm.
650 0 4 _aLibros-
_vCatálogos de subastas.
_914429
852 _aES-MaACL
_jT-204-F-4
999 _c171595
_d171595